| 000 | 00593 a2200181 4500 | ||
|---|---|---|---|
| 003 | Nust | ||
| 005 | 20170207153551.0 | ||
| 040 | _cNust | ||
| 082 | _a005.1 | ||
| 100 | _aIslam, Arshad (MSCS-2) | ||
| 245 |
_aDevelopment of C3I tool for peace time movement and relocation of units _cArshad Islam, |
||
| 260 |
_bMCS,NUST _cMay 1998 _aRawalpindi |
||
| 300 | _aix, 102, p; | ||
| 505 | _aIntroduction (page-1) Background (page-8) Conceptualization (page-41) Implementation (page-57) Conclusion and future work (page-95) | ||
| 538 | _aAlmirah No.69 Shelf No.5 | ||
| 650 | _aPG Thesis | ||
| 651 | _aMSCS-2 | ||
| 942 | _cTHS | ||
| 999 |
_c188853 _d188853 |
||